| 000 | 01226cam a2200325 a 4500 | ||
|---|---|---|---|
| 001 | 1142578 | ||
| 003 | ARRUPE | ||
| 005 | 20160909114657.0 | ||
| 008 | 950307s1995 nyu b 001 0 eng | ||
| 010 | _a 95011985 | ||
| 020 | _a0415913039 | ||
| 020 | _a0415913047 (pbk) | ||
| 040 |
_aDLC _cDLC _dDLC |
||
| 050 | 0 | 0 |
_aBT614 _b.H35 1995 |
| 082 | 0 | 0 |
_a232.91 _220 |
| 100 | 1 |
_aHamington, Maurice. _925291 |
|
| 245 | 1 | 0 |
_aHail Mary? : _bthe struggle for ultimate womanhood in Catholicism / _cMaurice Hamington. |
| 260 |
_aNew York : _bRoutledge, _c1995. |
||
| 300 |
_ax, 216 p. ; _c24 cm. |
||
| 504 | _aIncludes bibliographical references (p. [181]-209) and index. | ||
| 600 | 0 | 0 |
_aMary, _cBlessed Virgin, Saint _xTheology. _91116 |
| 600 | 0 | 0 |
_aMary, _cBlessed Virgin, Saint _xDevotion to. _925292 |
| 610 | 2 | 0 |
_aCatholic Church _xControversial literature. _925293 |
| 610 | 2 | 0 |
_aCatholic Church _xDoctrines _xHistory _y20th century. _925294 |
| 650 | 0 |
_aFeminist theology. _925295 |
|
| 650 | 0 |
_aWomen in the Catholic Church. _925296 |
|
| 906 |
_a7 _bcbc _corignew _d1 _eocip _f19 _gy-gencatlg |
||
| 942 |
_2lcc _cMONOGRAPH |
||
| 999 |
_c125072 _d125072 |
||